000 00289nam a2200109Ia 4500
008 220701s9999 xx 000 0 und d
020 _a043590535X
082 _aEF
100 _aAchebe, Chinua
_91515
245 0 _aMan of the people
942 _cBK
_w561
_xJohn Tresidder
_y
_zCRON CRON
999 _c703701
_d703700